Statistics for Real or Fake Things

Click here to take the quiz!

General Stats

  • This quiz has been taken 10 times
  • The average score is 11 of 22

Answer Stats

QuestionAnswer% Correct
Real or Fake?Port Maputo
88%
Real or Fake? -- CapitalsLounachout
75%
Real or Fake? - CapitalsUala baatar
75%
Real or Fake?Bangur
63%
Real or Fake? - Tolkien DragonsEldunarí
63%
Find the team that HAS won the superbowlNew York Jets
63%
NFL FormationsRifle
63%
Real or Fake? - EvilsRoäc
63%
Select the TALLEST (Longest/highest) TrophyStanley Cup (NHL)
63%
Teams that have won the Superbowl 3 OR MORE TIMES (P1)Dolphins
50%
College Team Names - 1 fakeHounds
50%
College Team Names - 1 fakeJaggers
50%
LEAST Streamed Artist on SPOTIFY ONLYBeyoncé
38%
College Team Names - 1 fakeCommodores
38%
Real or Fake? - LOTR CharactersFingam
38%
College Team Names - 1 fakeHornbills
38%
Find the team that HAS won the superbowl (p2)Oakland/LA/LV Raiders
38%
College Team Names - 1 fakeSnowdogs
38%
Real or Fake? - Trolls in the HobbitTim
38%
College Team Names - 1 REALDons
25%
College Team Names - 1 FakeFlaming Goats
25%
College Team Names - 1 FakePelicans
25%

Score Distribution

Percentile by Number Answered

Percent of People with Each Score

Your Score History

You have not taken this quiz